Statistics for Countries with Lowest Percentage Aged Under 15

Click here to take the quiz!

General Stats

  • This quiz has been taken 42 times
  • The average score is 9 of 15

Answer Stats

% Country % Correct
13.1Japan
92%
13.3Germany
79%
13.4Slovenia
66%
13.8Italy
66%
12.3Monaco
63%
13,7Ukraine
61%
13.9Bulgaria
61%
13.5Czechia
58%
13.5Latvia
58%
14.2Greece
58%
13.8Lithuania
55%
14.0Austria
55%
13.8Singapore
53%
14.0Bosnia and Herzegovina
53%
14.2Belarus
53%

Score Distribution

Percentile by Number Answered

Percent of People with Each Score

Your Score History

You have not taken this quiz